00647nam a2200169 a 450000100100000000500170001000800410002704000250006808200240009324500700011726000670018730000200025450000550027404900090032995201220033899900170046000002928220200930055440.0110414s2004 dr 000 0 spa d aDO-SdBNPbspacBNPHU axxxxbBaehr, Bonnie13aEl ser humano :braíz del problema ecológico /cBonnie Baehr. aSanto Domingo :bFondo de Publicaciones Bonnie Baehr,c[199?]. a22 p. ;c19 cm. aIncluye datos biográfico del autor en la pag. 23 aBNPD 0010718PDaPDbPDcCTd2011-04-14iLF1l0oxxxx Baehr, Bonniep29282-10r2020-06-25w2020-06-25yLFPDZNo se presta c28774d28774